<?xml version="1.0" encoding="UTF-8"?>
<record
    xmlns:xsi="http://www.w3.org/2001/XMLSchema-instance"
    xsi:schemaLocation="http://www.loc.gov/MARC21/slim http://www.loc.gov/standards/marcxml/schema/MARC21slim.xsd"
    xmlns="http://www.loc.gov/MARC21/slim">

  <leader>01536nam a2200385 i 4500</leader>
  <controlfield tag="003">EG-ScBUE</controlfield>
  <controlfield tag="005">20240212120358.0</controlfield>
  <controlfield tag="008">170422s2012    ua     f      000 0 ara d</controlfield>
  <datafield tag="017" ind1=" " ind2=" ">
    <subfield code="a">2011 / 19872</subfield>
  </datafield>
  <datafield tag="020" ind1=" " ind2=" ">
    <subfield code="a">9775868947</subfield>
  </datafield>
  <datafield tag="040" ind1=" " ind2=" ">
    <subfield code="a">EG-ScBUE</subfield>
    <subfield code="b">ara</subfield>
    <subfield code="e">rda</subfield>
    <subfield code="c">EG-ScBUE</subfield>
    <subfield code="d">EG-ScBUE</subfield>
  </datafield>
  <datafield tag="041" ind1="1" ind2=" ">
    <subfield code="a">ara</subfield>
    <subfield code="h">eng</subfield>
  </datafield>
  <datafield tag="043" ind1=" " ind2=" ">
    <subfield code="a">a-tu---</subfield>
  </datafield>
  <datafield tag="082" ind1="0" ind2="4">
    <subfield code="a">956.1039</subfield>
    <subfield code="b">&#x623; &#x648; &#x643;</subfield>
    <subfield code="2">22</subfield>
  </datafield>
  <datafield tag="100" ind1="1" ind2=" ">
    <subfield code="a">&#x623;&#x648;&#x643;&#x62A;&#x645;&#x60C; &#x643;&#x631;&#x645;&#x60C;</subfield>
    <subfield code="e">&#x645;&#x624;&#x644;&#x641;.</subfield>
  </datafield>
  <datafield tag="240" ind1="1" ind2="0">
    <subfield code="a">Angry nation : Turkey since 1989.</subfield>
    <subfield code="l">Arabic</subfield>
  </datafield>
  <datafield tag="245" ind1="1" ind2="0">
    <subfield code="a">&#x62A;&#x631;&#x643;&#x64A;&#x627; :</subfield>
    <subfield code="b">&#x627;&#x644;&#x623;&#x645;&#x629; &#x627;&#x644;&#x63A;&#x627;&#x636;&#x628;&#x629; /</subfield>
    <subfield code="c">&#x643;&#x631;&#x645; &#x623;&#x648;&#x643;&#x62A;&#x645; &#x61B; &#x62A;&#x631;&#x62C;&#x645;&#x629; &#x645;&#x635;&#x637;&#x641;&#x649; &#x645;&#x62C;&#x62F;&#x64A; &#x627;&#x644;&#x62C;&#x645;&#x627;&#x644; &#x61B; &#x62A;&#x642;&#x62F;&#x64A;&#x645; &#x62F;. &#x639;&#x627;&#x635;&#x645; &#x627;&#x644;&#x62F;&#x633;&#x648;&#x642;&#x64A;.</subfield>
  </datafield>
  <datafield tag="250" ind1=" " ind2=" ">
    <subfield code="a">&#x627;&#x644;&#x637;&#x628;&#x639;&#x629; &#x627;&#x644;&#x623;&#x648;&#x644;&#x649;.</subfield>
  </datafield>
  <datafield tag="264" ind1=" " ind2="1">
    <subfield code="a">&#x627;&#x644;&#x642;&#x627;&#x647;&#x631;&#x629; :</subfield>
    <subfield code="b">&#x645;&#x643;&#x62A;&#x628; &#x633;&#x637;&#x648;&#x631; &#x627;&#x644;&#x62C;&#x62F;&#x64A;&#x62F;&#x629;&#x60C;</subfield>
    <subfield code="c">2012.</subfield>
  </datafield>
  <datafield tag="300" ind1=" " ind2=" ">
    <subfield code="a">283 &#x635;&#x641;&#x62D;&#x629; &#x61B;</subfield>
    <subfield code="c">24 &#x633;&#x645;.</subfield>
  </datafield>
  <datafield tag="336" ind1=" " ind2=" ">
    <subfield code="2">rdacontent</subfield>
    <subfield code="a">&#x646;&#x635;</subfield>
    <subfield code="b">txt</subfield>
  </datafield>
  <datafield tag="337" ind1=" " ind2=" ">
    <subfield code="a">&#x628;&#x62F;&#x648;&#x646; &#x648;&#x633;&#x64A;&#x637;</subfield>
    <subfield code="2">rdamedia</subfield>
    <subfield code="b">n</subfield>
  </datafield>
  <datafield tag="338" ind1=" " ind2=" ">
    <subfield code="a">&#x645;&#x62C;&#x644;&#x62F;</subfield>
    <subfield code="b">nc</subfield>
    <subfield code="2">rdacarrier</subfield>
  </datafield>
  <datafield tag="490" ind1="0" ind2=" ">
    <subfield code="a">&#x625;&#x635;&#x62F;&#x627;&#x631;&#x627;&#x62A; &#x633;&#x637;&#x648;&#x631; &#x627;&#x644;&#x62C;&#x62F;&#x64A;&#x62F;&#x629; &#x61B;</subfield>
    <subfield code="v">120</subfield>
  </datafield>
  <datafield tag="541" ind1=" " ind2=" ">
    <subfield code="a">&#x625;&#x647;&#x62F;&#x627;&#x621; &#x645;&#x646; &#x623;. &#x645;&#x62D;&#x645;&#x62F; &#x641;&#x631;&#x64A;&#x62F; &#x62E;&#x645;&#x64A;&#x633;.</subfield>
  </datafield>
  <datafield tag="546" ind1=" " ind2=" ">
    <subfield code="a">&#x627;&#x644;&#x646;&#x635; &#x628;&#x627;&#x644;&#x644;&#x63A;&#x629; &#x627;&#x644;&#x639;&#x631;&#x628;&#x64A;&#x629; &#x645;&#x62A;&#x631;&#x62C;&#x645; &#x645;&#x646; &#x627;&#x644;&#x644;&#x63A;&#x629; &#x627;&#x644;&#x625;&#x646;&#x62C;&#x644;&#x64A;&#x632;&#x64A;&#x629;.</subfield>
  </datafield>
  <datafield tag="651" ind1=" " ind2="7">
    <subfield code="a">&#x62A;&#x631;&#x643;&#x64A;&#x627;</subfield>
    <subfield code="x">&#x62A;&#x627;&#x631;&#x64A;&#x62E;</subfield>
    <subfield code="y">1989.</subfield>
    <subfield code="2">BUEsh</subfield>
  </datafield>
  <datafield tag="651" ind1=" " ind2="7">
    <subfield code="a">&#x62A;&#x631;&#x643;&#x64A;&#x627;</subfield>
    <subfield code="x">&#x633;&#x64A;&#x627;&#x633;&#x629; &#x648;&#x62D;&#x643;&#x648;&#x645;&#x629;</subfield>
    <subfield code="y">&#x642;&#x631;&#x646; 20.</subfield>
    <subfield code="2">BUEsh</subfield>
  </datafield>
  <datafield tag="651" ind1=" " ind2="7">
    <subfield code="a">&#x62A;&#x631;&#x643;&#x64A;&#x627;</subfield>
    <subfield code="x">&#x639;&#x644;&#x627;&#x642;&#x627;&#x62A; &#x62E;&#x627;&#x631;&#x62C;&#x64A;&#x629;.</subfield>
    <subfield code="2">BUEsh</subfield>
  </datafield>
  <datafield tag="653" ind1=" " ind2=" ">
    <subfield code="b">GGEN</subfield>
    <subfield code="b">BUSBOL</subfield>
    <subfield code="c">April2017</subfield>
  </datafield>
  <datafield tag="655" ind1=" " ind2=" ">
    <subfield code="v">Reading book</subfield>
  </datafield>
  <datafield tag="700" ind1="1" ind2=" ">
    <subfield code="a">&#x62C;&#x645;&#x627;&#x644;&#x60C; &#x645;&#x635;&#x637;&#x641;&#x649; &#x645;&#x62C;&#x62F;&#x64A;&#x60C; </subfield>
    <subfield code="e">&#x645;&#x62A;&#x631;&#x62C;&#x645;.</subfield>
  </datafield>
  <datafield tag="700" ind1="1" ind2=" ">
    <subfield code="a">&#x62F;&#x633;&#x648;&#x642;&#x64A;&#x60C; &#x639;&#x627;&#x635;&#x645;&#x60C;</subfield>
    <subfield code="e">&#x645;&#x642;&#x62F;&#x645;.</subfield>
  </datafield>
  <datafield tag="942" ind1=" " ind2=" ">
    <subfield code="2">ddc</subfield>
  </datafield>
  <datafield tag="999" ind1=" " ind2=" ">
    <subfield code="c">24689</subfield>
    <subfield code="d">24661</subfield>
  </datafield>
  <datafield tag="952" ind1=" " ind2=" ">
    <subfield code="0">0</subfield>
    <subfield code="1">0</subfield>
    <subfield code="2">ddc</subfield>
    <subfield code="4">0</subfield>
    <subfield code="7">0</subfield>
    <subfield code="8">Madboly</subfield>
    <subfield code="a">MAIN</subfield>
    <subfield code="b">MAIN</subfield>
    <subfield code="c">2ND</subfield>
    <subfield code="d">2017-04-22</subfield>
    <subfield code="e">Donation</subfield>
    <subfield code="g">45.00</subfield>
    <subfield code="o">956.1039 &#x623; &#x648; &#x643;</subfield>
    <subfield code="p">000046029</subfield>
    <subfield code="r">2025-10-05 00:00:00</subfield>
    <subfield code="s">2025-05-22</subfield>
    <subfield code="v">56.25</subfield>
    <subfield code="x">&#x625;&#x647;&#x62F;&#x627;&#x621; &#x645;&#x646; &#x623;. &#x645;&#x62D;&#x645;&#x62F; &#x641;&#x631;&#x64A;&#x62F; &#x62E;&#x645;&#x64A;&#x633;.</subfield>
    <subfield code="y">BB</subfield>
  </datafield>
</record>
